Представление документа в формате RUSMARC

ПолеНазваниеЗначение
  Тип записи a
  Библиографический уровень m
001 Контрольный номер RU/SLIB/B/208790195
005 Дата корректировки 20241101110306.9
010 Индекс ISBN __
d Цена 2000-00
101 Язык документа 0_
a Язык текста rus
c Язык оригинала rus
200 Заглавие и сведения об ответственности 1_
a Заглавие Преступление и наказание
e Сведения, относящиеся к заглавию роман : в 6 ч. с эпилогом
f Первые сведения об ответственности Достоевский Ф. М. ; вступ. ст. К. И. Тюнькина
b Общее обозначение материала Текст
210 Выходные данные 1_
a Место издания Л.
c Издательство Худож. лит., Ленингр. отд-ние
d Дата издания 1975
215 Физическое описание __
a Объем 560 с.
225 Серия 2_
a Серия Школьная библиотека
333 Примечание о целевом назначении __
a Примечание о целевом назначении 16+. Для детей старше 16 лет
606 Тематические рубрики __
a Основная рубрика Художественная литература
z Хронологическая подрубрика 19 в.
y Географическая подрубрика Россия
606 Тематические рубрики __
a Основная рубрика Русская литература XIX в. (произведения)
610 Ключевые слова 0_
a Ключевые слова романы
686 Индексы других классификаций __
a Классификационный индекс ст84(2Рос=Рус)1-4
700 Автор _1
a Фамилия Достоевский
b Имя Ф. М.
4 Код отношения 070
702 Вторичная интеллектуальная ответственность _1
a Фамилия Тюнькин
b Имя К. И.
4 Код отношения Автор предисловия и т.д.
4 Код отношения 080
801 Источник записи _0
a Страна RU
b Организация Муниципальное бюджетное учреждение культуры "Централизованная библиотечная система" г. Сургут (Центральная городская библиотека им. А. С. Пушкина)
g Правила каталогизации ЦДБ/Симакова
801 Источник записи _1
a Страна RU
b Организация Муниципальное бюджетное учреждение культуры "Централизованная библиотечная система" г. Сургут (Центральная городская библиотека им. А. С. Пушкина)
g Правила каталогизации ЦДБ/Симакова
852 Данные о местонахождении __
j Шифр хранения ст84(2Рос=Рус)1-4
c Каталожный индекс ст84(2Рос=Рус)1-4
i Авторский знак Д 70
p Инвентарный номер 63453
901 Тип документа __
t Тип документа m
903 Характеристики (МАРС) __
a Дата передачи 20060519
990 Данные о заказе (DOS) __
j Количество экземпляров (DOS) 1
t N записи в КСУ для И/У (DOS) 199701